Statystyki dla Polskie kanały na Youtube powyżej 3 milionów subskrypcji

Kliknij tutaj aby rozwiązać quiz!

Ogólne statystyki

  • Ten quiz został rozwiązany 9,260 razy
    (3,508 od ostatniego zresetowania)
  • Średni wynik to 5 z 8

Statystyki odpowiedzi

Kanał % Correct
1.Blowek
98%
2.Stuu
87%
8.Friz
81%
4.reZigiusz
74%
5.SA Wardega
68%
6.AbstrachujeTV
46%
3.Bazylland
23%
7.Step Records
23%

Rozkład punktacji

Percentyl według liczby udzielonych odpowiedzi

Procent ludzi z każdym wynikiem

Twoja historia wyników

Nie rozwiązałeś tego quizu od ostatniego zresetowania